Normal view
MARC view
Entry Personal Name
001 - CONTROL NUMBER
- control field: 40773
003 - CONTROL NUMBER IDENTIFIER
- control field: OSt
005 - DATE AND TIME OF LATEST TRANSACTION
- control field: 20160226162900.0
008 - FIXED-LENGTH DATA ELEMENTS
- fixed length control field: 160226|| aca||aabn | a|a d
040 ## - CATALOGING SOURCE
- Original cataloging agency: OSt
- Transcribing agency: OSt
100 ## - HEADING--PERSONAL NAME
- Personal name: प्रमोद वर्मा
670 ## - SOURCE DATA FOUND
- Source citation: Work cat.: (OSt)26993: प्रमोद वर्मा , साहित्य रूप और सृजन प्रक्रियॉ के संर्दभ , 1971









